|
|
|
|
| LEADER |
00000cam a2200000 7i4500 |
| 001 |
0000015716 |
| 005 |
20211215.0 |
| 022 |
0 |
|
|a 1357-1419
|
| 040 |
|
|
|a INS
|
| 090 |
0 |
0 |
|a HJ4101
|b J68
|
| 245 |
1 |
0 |
|a Journal of property tax assessment and administration
|
| 300 |
|
|
|a V. :
|b ill. ;
|c 24cm.
|
| 310 |
|
|
|a Monthly
|
| 650 |
0 |
0 |
|a Property tax
|x Periodicals
|
| 650 |
0 |
0 |
|a Tax assessment
|x Periodicals
|
| 999 |
|
|
|a SER0001456
|b BOOK
|c Open Shelf
|e Default branch
|
| 999 |
|
|
|a SER0001457
|b BOOK
|c Open Shelf
|e Default branch
|
| 999 |
|
|
|a SER0002186
|b BOOK
|c Open Shelf
|e Default branch
|
| 999 |
|
|
|a SER0002187
|b BOOK
|c Open Shelf
|e Default branch
|
| 999 |
|
|
|a SER0006680
|b BOOK
|c Open Shelf
|e Default branch
|
| 999 |
|
|
|a SER0006906
|b BOOK
|c Open Shelf
|e Default branch
|
| 999 |
|
|
|a SER0007341
|b BOOK
|c Open Shelf
|e Default branch
|
| 999 |
|
|
|a SER0007342
|b BOOK
|c Open Shelf
|e Default branch
|
| 999 |
|
|
|a SER0007461
|b BOOK
|c Open Shelf
|e Default branch
|
| 999 |
|
|
|a SER0007574
|b BOOK
|c Open Shelf
|e Default branch
|
| 999 |
|
|
|a SER0007609
|b BOOK
|c Open Shelf
|e Default branch
|
| 999 |
|
|
|a SER0008006
|b BOOK
|c Open Shelf
|e Default branch
|
| 999 |
|
|
|a SER0008007
|b JOURNAL
|c Open Shelf
|e Default branch
|